[Event "Madrid-ch Sub14 2022"]
[Site "Madrid ESP"]
[Date "2022.04.02"]
[Round "1.1"]
[White "Horcajuelo Rocamora, Martin"]
[Black "Blazquez Sanz, Oscar"]
[Result "1-0"]
[WhiteElo "2212"]
[BlackElo "1619"]
[PlyCount "59"]
[EventDate "2022.04.02"]
[EventType "swiss"]
[EventRounds "6"]
[EventCountry "ESP"]
[SourceTitle "Ajedrez en Madrid"]
[Source "lmi"]
[SourceDate "2022.07.30"]
[SourceVersion "1"]
[SourceVersionDate "2022.07.30"]
[SourceQuality "1"]

1. d4 Nf6 2. c4 g6 3. Nc3 Bg7 4. e4 d6 5. Be2 O-O 6. Be3 e5 7. d5 Ne8 8. g4 Nd7
9. h4 f5 10. gxf5 gxf5 11. exf5 Ndf6 12. Qc2 e4 13. h5 h6 14. Qd2 Kh7 15. Nh3
Bxf5 16. Nf4 Ng8 17. Rg1 Nef6 18. Nb5 Nd7 19. Bg4 Bxg4 20. Rxg4 Ne5 21. Rxg7+
Kxg7 22. O-O-O Nd3+ 23. Nxd3 exd3 24. Rg1+ Kh7 25. Qxd3+ Kh8 26. Bd4+ Rf6 27.
Rg6 Qe7 28. Bxf6+ Nxf6 29. Rxh6+ Kg8 30. Qg6+ 1-0

[Event "Madrid-ch Sub14 2022"]
[Site "Madrid ESP"]
[Date "2022.04.02"]
[Round "1.2"]
[White "Bartolome Benito, Alejandro"]
[Black "Calvo Gonzalez, Jose Felix"]
[Result "0-1"]
[WhiteElo "1546"]
[BlackElo "2078"]
[PlyCount "74"]
[EventDate "2022.04.02"]
[EventType "swiss"]
[EventRounds "6"]
[EventCountry "ESP"]
[SourceTitle "Ajedrez en Madrid"]
[Source "lmi"]
[SourceDate "2022.07.30"]
[SourceVersion "1"]
[SourceVersionDate "2022.07.30"]
[SourceQuality "1"]

1. e4 c5 2. Nf3 d6 3. d4 cxd4 4. Nxd4 Nf6 5. Nc3 a6 6. Bc4 e6 7. Bb3 b5 8. Be3
Be7 9. O-O O-O 10. f4 b4 11. Na4 Nxe4 12. Qf3 Bb7 13. f5 Nc5 14. Qg4 Nxb3 15.
axb3 e5 16. f6 Bxf6 17. Nf5 a5 18. Nxg7 Kh8 19. Bb6 Qd7 20. Qxd7 Nxd7 21. Nf5
Rg8 22. Rf2 Bc6 23. Bc7 d5 24. Nb6 Ra7 25. Nxd7 Bxd7 26. Bd6 e4 27. Bxb4 Bxf5
28. Bc5 Rc7 29. Rxf5 Bxb2 30. Ra2 Rxc5 31. Rxb2 Rgc8 32. Rxf7 Rxc2 33. Rxc2
Rxc2 34. Rd7 e3 35. g3 Rc1+ 36. Kg2 e2 37. Rd8+ Kg7 0-1

[Event "Madrid-ch Sub14 2022"]
[Site "Madrid ESP"]
[Date "2022.04.02"]
[Round "1.3"]
[White "Centeno Mendoza, Julio Stefano"]
[Black "Torres Rebolledo, Marcos"]
[Result "1-0"]
[WhiteElo "2010"]
[BlackElo "1526"]
[PlyCount "47"]
[EventDate "2022.04.02"]
[EventType "swiss"]
[EventRounds "6"]
[EventCountry "ESP"]
[SourceTitle "Ajedrez en Madrid"]
[Source "lmi"]
[SourceDate "2022.07.30"]
[SourceVersion "1"]
[SourceVersionDate "2022.07.30"]
[SourceQuality "1"]

1. e4 c5 2. c3 Nf6 3. e5 Nd5 4. Bc4 Nb6 5. Bb3 Nc6 6. Nf3 d6 7. exd6 Qxd6 8.
O-O g6 9. Re1 Bg7 10. Na3 a6 11. Ng5 e6 12. d3 Qc7 13. Be3 Nd7 14. Bxe6 O-O 15.
Bxd7 Bxd7 16. Bxc5 Rfd8 17. Nc4 Bf5 18. Qb3 Rxd3 19. Bd6 Qd8 20. Nxf7 Kxf7 21.
Ne5+ Kf6 22. Qf7+ Kg5 23. Qxg7 Nxe5 24. Be7+ 1-0

[Event "Madrid-ch Sub14 2022"]
[Site "Madrid ESP"]
[Date "2022.04.02"]
[Round "1.4"]
[White "Corchon Granero, Mateo"]
[Black "Reyero Castro, Jorge"]
[Result "0-1"]
[WhiteElo "1525"]
[BlackElo "1819"]
[PlyCount "94"]
[EventDate "2022.04.02"]
[EventType "swiss"]
[EventRounds "6"]
[EventCountry "ESP"]
[SourceTitle "Ajedrez en Madrid"]
[Source "lmi"]
[SourceDate "2022.07.30"]
[SourceVersion "1"]
[SourceVersionDate "2022.07.30"]
[SourceQuality "1"]

1. e4 e5 2. Nf3 Nc6 3. Bc4 Bc5 4. c3 Nf6 5. d3 d6 6. Nbd2 Bb6 7. O-O Be6 8. Bb3
Qe7 9. a4 a6 10. h3 h6 11. Re1 g5 12. Bxe6 fxe6 13. Nh2 g4 14. Nxg4 Nxg4 15.
Qxg4 h5 16. Qe2 Rg8 17. Kh2 Qg5 18. Rg1 Qf4+ 19. Kh1 Qxf2 20. Qxf2 Bxf2 21. Rf1
Ba7 22. Nf3 Kd7 23. Ng5 Raf8 24. Bd2 Na5 25. Nh7 Rxf1+ 26. Rxf1 Kc6 27. b4 Nb3
28. Bg5 Rg7 29. Rb1 Rxh7 30. Rxb3 Rf7 31. Rb1 b5 32. a5 Kd7 33. Kh2 Bf2 34. Bd2
Ke7 35. Be1 h4 36. Bd2 Bg3+ 37. Kh1 Rf2 38. Rd1 d5 39. exd5 exd5 40. Kg1 Ke6
41. Be1 Rc2 42. Bd2 e4 43. dxe4 dxe4 44. Kf1 Ke5 45. Ke2 Bf4 46. Ke1 e3 47. Bc1
Bg3+ 0-1

[Event "Madrid-ch Sub14 2022"]
[Site "Madrid ESP"]
[Date "2022.04.02"]
[Round "1.5"]
[White "Arevillca Colque, Jonatan"]
[Black "Garcia Trabanca, Ana"]
[Result "1-0"]
[WhiteElo "1818"]
[BlackElo "1519"]
[PlyCount "75"]
[EventDate "2022.04.02"]
[EventType "swiss"]
[EventRounds "6"]
[EventCountry "ESP"]
[SourceTitle "Ajedrez en Madrid"]
[Source "lmi"]
[SourceDate "2022.07.30"]
[SourceVersion "1"]
[SourceVersionDate "2022.07.30"]
[SourceQuality "1"]

1. e4 c5 2. d4 cxd4 3. c3 d6 4. cxd4 Nf6 5. Nc3 e6 6. Bd3 Be7 7. Nf3 O-O 8. O-O
a6 9. Qc2 h6 10. h3 Nc6 11. a3 b5 12. Be3 Bb7 13. b4 Rc8 14. Qd2 Re8 15. Rfd1
Nd7 16. Rac1 Nb6 17. Ne2 Bf6 18. Ng3 Nd7 19. Nh5 Be7 20. e5 g6 21. exd6 Bxd6
22. Ng3 h5 23. Ne4 Bf8 24. Bg5 f6 25. Nxf6+ Nxf6 26. Bxg6 Bg7 27. Bxe8 Qxe8 28.
Bxf6 Bxf6 29. d5 Rd8 30. Qf4 Bb2 31. Rb1 Bxa3 32. dxc6 Rxd1+ 33. Rxd1 Qxc6 34.
Qg5+ Kh7 35. Qxh5+ Kg7 36. Qg4+ Kf8 37. Rd8+ Ke7 38. Qg5+ 1-0

[Event "Madrid-ch Sub14 2022"]
[Site "Madrid ESP"]
[Date "2022.04.02"]
[Round "1.6"]
[White "Cuesta Moscoso, Alvaro"]
[Black "Suarez Hernan, Santiago"]
[Result "0-1"]
[WhiteElo "1498"]
[BlackElo "1716"]
[PlyCount "110"]
[EventDate "2022.04.02"]
[EventType "swiss"]
[EventRounds "6"]
[EventCountry "ESP"]
[SourceTitle "Ajedrez en Madrid"]
[Source "lmi"]
[SourceDate "2022.07.30"]
[SourceVersion "1"]
[SourceVersionDate "2022.07.30"]
[SourceQuality "1"]

1. d4 d5 2. Bf4 Nf6 3. Nf3 c5 4. e3 Nc6 5. c3 Qb6 6. Qc2 g6 7. Qb3 c4 8. Qxb6
axb6 9. h3 b5 10. Nbd2 b4 11. g4 b5 12. Ne5 Nxe5 13. dxe5 Nd7 14. cxb4 e6 15.
Be2 Bxb4 16. a3 Ba5 17. O-O-O Nb8 18. b4 Bc7 19. Nb1 Nc6 20. Nc3 Ba6 21. Bg3
O-O-O 22. f4 Bb6 23. Bf2 Rd7 24. Bf3 g5 25. Rhf1 Kc7 26. Kb2 gxf4 27. exf4 Bxf2
28. Rxf2 Kb6 29. Ne4 dxe4 30. Rxd7 exf3 31. Rxf7 Nd4 32. Rd7 Nc6 33. Rxf3 Bc8
34. Rg7 h5 35. g5 Rf8 36. Rf2 Nxe5 37. Rd2 Nd3+ 38. Kc3 Rxf4 39. Rh7 Rf3 40.
Kc2 Rxh3 41. g6 Rg3 42. g7 Bb7 43. Re2 Bd5 44. Rh2 Be4 45. g8=Q Rxg8 46. Re7
Nf4+ 47. Kd2 Rd8+ 48. Ke1 Bf5 49. Rg7 Rd3 50. Rf7 Rxa3 51. Rd2 Rd3 52. Ra2 Rd6
53. Rfa7 Nd3+ 54. Kf1 Nxb4 55. Ra1 c3 0-1

[Event "Madrid-ch Sub14 2022"]
[Site "Madrid ESP"]
[Date "2022.04.02"]
[Round "1.7"]
[White "Jolani, Parnian"]
[Black "Guach Rodriguez, Marco Antonio"]
[Result "0-1"]
[WhiteElo "1643"]
[BlackElo "1456"]
[PlyCount "34"]
[EventDate "2022.04.02"]
[EventType "swiss"]
[EventRounds "6"]
[EventCountry "ESP"]
[SourceTitle "Ajedrez en Madrid"]
[Source "lmi"]
[SourceDate "2022.07.30"]
[SourceVersion "1"]
[SourceVersionDate "2022.07.30"]
[SourceQuality "1"]

{[%evp 0,34,19,28,34,14,17,26,7,7,7,7,7,-8,-14,-5,57,8,-19,-3,17,5,18,26,30,19,
29,48,62,81,86,46,66,70,78,79,79]} 1. e4 e5 2. Nf3 Nc6 3. Bc4 Bc5 4. c3 Nf6 5.
d4 exd4 6. e5 d5 7. Bb5 Nd7 8. Bxc6 bxc6 9. cxd4 Bb4+ 10. Nc3 O-O 11. O-O Nb6
12. Qc2 Be7 13. Ne2 Ba6 14. Re1 Bb4 15. Rd1 Bxe2 16. Qxe2 Re8 17. Qc2 Qd7 {
phone rang} 0-1

[Event "Madrid-ch Sub14 2022"]
[Site "Madrid ESP"]
[Date "2022.04.02"]
[Round "1.8"]
[White "Raskin Calvo, Maximilian"]
[Black "Lazaro Azcutia, Miguel"]
[Result "1/2-1/2"]
[WhiteElo "1397"]
[BlackElo "1621"]
[PlyCount "61"]
[EventDate "2022.04.02"]
[EventType "swiss"]
[EventRounds "6"]
[EventCountry "ESP"]
[SourceTitle "Ajedrez en Madrid"]
[Source "lmi"]
[SourceDate "2022.07.30"]
[SourceVersion "1"]
[SourceVersionDate "2022.07.30"]
[SourceQuality "1"]

1. d4 d5 2. Bf4 Nf6 3. e3 e6 4. Nf3 Bd6 5. Ne5 O-O 6. Nd2 b6 7. Bd3 Bb7 8. c3
Ne4 9. Bg3 Nd7 10. Nxd7 Qxd7 11. Qc2 f5 12. Nf3 c5 13. Bxd6 Nxd6 14. Ne5 Qc7
15. g4 a5 16. gxf5 Nxf5 17. h4 Ba6 18. Bxf5 Rxf5 19. O-O-O Raf8 20. f4 Bb5 21.
h5 Be8 22. h6 g6 23. dxc5 bxc5 24. Nf3 Bc6 25. Ne5 Rxe5 26. fxe5 Qxe5 27. Rhe1
Qg5 28. Kb1 Qxh6 29. c4 Rc8 30. cxd5 Bxd5 31. e4 1/2-1/2

[Event "Madrid-ch Sub14 2022"]
[Site "Madrid ESP"]
[Date "2022.04.03"]
[Round "2.1"]
[White "Reyero Castro, Jorge"]
[Black "Horcajuelo Rocamora, Martin"]
[Result "0-1"]
[WhiteElo "1819"]
[BlackElo "2212"]
[PlyCount "56"]
[EventDate "2022.04.02"]
[EventType "swiss"]
[EventRounds "6"]
[EventCountry "ESP"]
[SourceTitle "Ajedrez en Madrid"]
[Source "lmi"]
[SourceDate "2022.07.30"]
[SourceVersion "1"]
[SourceVersionDate "2022.07.30"]
[SourceQuality "1"]

1. e4 c5 2. Nf3 d6 3. d4 cxd4 4. Nxd4 Nf6 5. Nc3 a6 6. Bc4 e6 7. Bb3 b5 8. Be3
Be7 9. O-O O-O 10. a3 Bb7 11. Qd3 Nbd7 12. f3 Rc8 13. Rad1 Ne5 14. Qe2 Nc4 15.
Kh1 Nxb2 16. Rb1 Nc4 17. Bxc4 Rxc4 18. Na2 Qc7 19. Nb4 d5 20. exd5 Nxd5 21.
Nxd5 Bxd5 22. f4 Bf6 23. c3 Rxc3 24. Rf2 Qc4 25. Rd1 Rc8 26. h3 Qxe2 27. Rxe2
Bc4 28. Red2 Rxe3 0-1

[Event "Madrid-ch Sub14 2022"]
[Site "Madrid ESP"]
[Date "2022.04.03"]
[Round "2.2"]
[White "Calvo Gonzalez, Jose Felix"]
[Black "Arevillca Colque, Jonatan"]
[Result "1-0"]
[WhiteElo "2078"]
[BlackElo "1818"]
[PlyCount "109"]
[EventDate "2022.04.02"]
[EventType "swiss"]
[EventRounds "6"]
[EventCountry "ESP"]
[SourceTitle "Ajedrez en Madrid"]
[Source "lmi"]
[SourceDate "2022.07.30"]
[SourceVersion "1"]
[SourceVersionDate "2022.07.30"]
[SourceQuality "1"]

1. d4 d5 2. c4 e6 3. Nc3 Nf6 4. Bg5 Nbd7 5. e3 c6 6. Nf3 Qa5 7. Bxf6 Nxf6 8.
Bd3 Bb4 9. Qc2 dxc4 10. Bxc4 Nd5 11. Rc1 h6 12. O-O O-O 13. Ne2 c5 14. a3 cxd4
15. axb4 Nxb4 16. Qb3 b5 17. Bd3 Nxd3 18. Qxd3 dxe3 19. Qxe3 Bb7 20. Ne5 Qb4
21. Rc7 Bd5 22. Qd4 Qa5 23. Rfc1 Bc4 24. Qd7 Rad8 25. Nxc4 bxc4 26. Rxa7 Qh5
27. Qc7 Qxe2 28. g3 Rd2 29. Qf4 e5 30. Qf5 e4 31. Re7 Rxb2 32. Rxe4 Qd3 33. Qf4
c3 34. Re3 Qd2 35. Rexc3 Qxf4 36. gxf4 Re8 37. Kg2 Ree2 38. Rf3 Rbc2 39. Ra1
Ra2 40. Rd1 Rad2 41. Rxd2 Rxd2 42. f5 Rd4 43. Kg3 Kh7 44. Rf4 Rxf4 45. Kxf4 h5
46. Ke5 Kh6 47. h4 g5 48. fxg6 fxg6 49. Kf6 Kh7 50. Kf7 Kh6 51. Kg8 g5 52.
hxg5+ Kg6 53. Kh8 Kf5 54. Kh7 Kg4 55. g6 1-0

[Event "Madrid-ch Sub14 2022"]
[Site "Madrid ESP"]
[Date "2022.04.03"]
[Round "2.3"]
[White "Suarez Hernan, Santiago"]
[Black "Centeno Mendoza, Julio Stefano"]
[Result "0-1"]
[WhiteElo "1716"]
[BlackElo "2010"]
[PlyCount "86"]
[EventDate "2022.04.02"]
[EventType "swiss"]
[EventRounds "6"]
[EventCountry "ESP"]
[SourceTitle "Ajedrez en Madrid"]
[Source "lmi"]
[SourceDate "2022.07.30"]
[SourceVersion "1"]
[SourceVersionDate "2022.07.30"]
[SourceQuality "1"]

1. d4 d5 2. Bf4 Nf6 3. e3 c5 4. c3 Nc6 5. Nd2 Bf5 6. Qb3 Qd7 7. Ngf3 cxd4 8.
exd4 a6 9. Be2 e6 10. h3 h6 11. Bh2 Be7 12. O-O O-O 13. Ne5 Nxe5 14. dxe5 Ne4
15. Rad1 Nc5 16. Qb6 Na4 17. Qb3 b5 18. Rc1 Rfc8 19. Nf3 Bc5 20. Bf4 Rc7 21.
Rfd1 Rac8 22. Nd4 Bxd4 23. Rxd4 Qc6 24. Be3 Nb6 25. Re1 Rb7 26. Bc1 Nd7 27. Bf1
a5 28. a4 Nc5 29. axb5 Nxb3 30. bxc6 Rxc6 31. Ra4 d4 32. Bc4 Nxc1 33. Rxc1 Rxb2
34. g4 Bg6 35. Kf1 Rxc4 36. Rxc4 Bd3+ 37. Kg1 Bxc4 38. cxd4 Rb4 39. f4 a4 40.
f5 a3 41. Kf2 a2 42. f6 gxf6 43. exf6 Rb1 0-1

[Event "Madrid-ch Sub14 2022"]
[Site "Madrid ESP"]
[Date "2022.04.03"]
[Round "2.4"]
[White "Guach Rodriguez, Marco Antonio"]
[Black "Raskin Calvo, Maximilian"]
[Result "1-0"]
[WhiteElo "1456"]
[BlackElo "1397"]
[PlyCount "113"]
[EventDate "2022.04.02"]
[EventType "swiss"]
[EventRounds "6"]
[EventCountry "ESP"]
[SourceTitle "Ajedrez en Madrid"]
[Source "lmi"]
[SourceDate "2022.07.30"]
[SourceVersion "1"]
[SourceVersionDate "2022.07.30"]
[SourceQuality "1"]

1. e4 c6 2. d4 d5 3. Nc3 dxe4 4. Nxe4 Nf6 5. Nxf6+ exf6 6. Nf3 Bd6 7. Be3 O-O
8. Bd3 Bg4 9. h3 Bh5 10. g4 Bg6 11. Qd2 Re8 12. O-O-O Qc7 13. h4 Nd7 14. Bxg6
hxg6 15. h5 g5 16. h6 g6 17. Qc3 Kh7 18. d5 Be5 19. Nxe5 Qxe5 20. dxc6 Qxc3 21.
bxc3 Ne5 22. cxb7 Rab8 23. Rd4 Rxb7 24. Rb4 Reb8 25. Rb3 Nxg4 26. Bd4 Ne5 27.
Bxe5 fxe5 28. c4 a5 29. Rhh3 a4 30. Rxb7 Rxb7 31. Kd2 Rd7+ 32. Kc3 Rd4 33. Kb4
g4 34. Rd3 Rf4 35. Rd2 Kxh6 36. Kb5 e4 37. c5 e3 38. fxe3 Rf3 39. Re2 g3 40. c6
Rf2 41. c7 Rxe2 42. c8=Q Rh2 43. Qg4 Rh5+ 44. Kxa4 g5 45. Qxg3 Rh4+ 46. Kb5 f5
47. a4 Kh5 48. a5 g4 49. a6 Rh3 50. Qf4 Rf3 51. a7 Rxf4 52. exf4 Kh4 53. a8=Q
g3 54. Qg2 Kg4 55. c4 Kxf4 56. c5 Kg4 57. c6 1-0

[Event "Madrid-ch Sub14 2022"]
[Site "Madrid ESP"]
[Date "2022.04.03"]
[Round "2.5"]
[White "Lazaro Azcutia, Miguel"]
[Black "Jolani, Parnian"]
[Result "1/2-1/2"]
[WhiteElo "1621"]
[BlackElo "1643"]
[PlyCount "43"]
[EventDate "2022.04.02"]
[EventType "swiss"]
[EventRounds "6"]
[EventCountry "ESP"]
[SourceTitle "Ajedrez en Madrid"]
[Source "lmi"]
[SourceDate "2022.07.30"]
[SourceVersion "1"]
[SourceVersionDate "2022.07.30"]
[SourceQuality "1"]

1. e4 e6 2. d4 d5 3. Nd2 Nf6 4. e5 Nfd7 5. Bd3 c5 6. c3 Nc6 7. Ne2 f6 8. exf6
Nxf6 9. Nf3 Bd6 10. O-O O-O 11. Bf4 Bxf4 12. Nxf4 Qc7 13. Ne2 e5 14. Nxe5 Nxe5
15. dxe5 Qxe5 16. Ng3 b6 17. Qc2 Qf4 18. Rae1 Bd7 19. Re7 Qh4 20. h3 Rad8 21.
Bf5 Qf4 22. Rfe1 1/2-1/2

[Event "Madrid-ch Sub14 2022"]
[Site "Madrid ESP"]
[Date "2022.04.03"]
[Round "2.6"]
[White "Blazquez Sanz, Oscar"]
[Black "Corchon Granero, Mateo"]
[Result "0-1"]
[WhiteElo "1619"]
[BlackElo "1525"]
[PlyCount "64"]
[EventDate "2022.04.02"]
[EventType "swiss"]
[EventRounds "6"]
[EventCountry "ESP"]
[SourceTitle "Ajedrez en Madrid"]
[Source "lmi"]
[SourceDate "2022.07.30"]
[SourceVersion "1"]
[SourceVersionDate "2022.07.30"]
[SourceQuality "1"]

1. e4 e5 2. Nf3 Nc6 3. Bc4 Bc5 4. a4 a6 5. c3 Nf6 6. O-O Qe7 7. d4 Ba7 8. Bg5
h6 9. Bxf6 Qxf6 10. Nxe5 Nxe5 11. dxe5 Qxe5 12. Kh1 O-O 13. Nd2 d6 14. f4 Qe7
15. f5 Qf6 16. Qh5 Kh8 17. h4 Bd7 18. g4 Be3 19. g5 Qe5 20. f6 Bxd2 21. fxg7+
Qxg7 22. Rf6 Be6 23. Rxh6+ Kg8 24. Bxe6 fxe6 25. Rg6 Rf7 26. Rxg7+ Rxg7 27. Rf1
e5 28. Qe2 Bf4 29. Qc4+ Kh8 30. Qd5 Rh7 31. Qxb7 Rg8 32. Kg2 Rxh4 0-1

[Event "Madrid-ch Sub14 2022"]
[Site "Madrid ESP"]
[Date "2022.04.03"]
[Round "2.7"]
[White "Garcia Trabanca, Ana"]
[Black "Bartolome Benito, Alejandro"]
[Result "1/2-1/2"]
[WhiteElo "1519"]
[BlackElo "1546"]
[PlyCount "45"]
[EventDate "2022.04.02"]
[EventType "swiss"]
[EventRounds "6"]
[EventCountry "ESP"]
[SourceTitle "Ajedrez en Madrid"]
[Source "lmi"]
[SourceDate "2022.07.30"]
[SourceVersion "1"]
[SourceVersionDate "2022.07.30"]
[SourceQuality "1"]

1. d4 Nf6 2. Nf3 e6 3. e3 c5 4. c3 d5 5. Bd3 Nc6 6. O-O Be7 7. Nbd2 O-O 8. b3
b6 9. Bb2 Bb7 10. Rc1 Rc8 11. a3 Qd7 12. c4 Rfd8 13. dxc5 Bxc5 14. Bxf6 gxf6
15. b4 Bf8 16. cxd5 Qxd5 17. Bc4 Qd6 18. Ne4 Qxd1 19. Rfxd1 f5 20. Neg5 Rxd1+
21. Rxd1 Rd8 22. Re1 h6 23. Nh3 1/2-1/2

[Event "Madrid-ch Sub14 2022"]
[Site "Madrid ESP"]
[Date "2022.04.03"]
[Round "2.8"]
[White "Torres Rebolledo, Marcos"]
[Black "Cuesta Moscoso, Alvaro"]
[Result "0-1"]
[WhiteElo "1526"]
[BlackElo "1498"]
[PlyCount "54"]
[EventDate "2022.04.02"]
[EventType "swiss"]
[EventRounds "6"]
[EventCountry "ESP"]
[SourceTitle "Ajedrez en Madrid"]
[Source "lmi"]
[SourceDate "2022.07.30"]
[SourceVersion "1"]
[SourceVersionDate "2022.07.30"]
[SourceQuality "1"]

1. d4 Nf6 2. c4 g6 3. Nc3 Bg7 4. e4 d6 5. Nf3 O-O 6. Be2 Nbd7 7. O-O e5 8. d5
Ne8 9. Ne1 f5 10. f3 f4 11. Nd3 h5 12. b4 g5 13. Bd2 Ndf6 14. Rc1 g4 15. Be1
Bh6 16. Rc2 Kh7 17. c5 Rg8 18. Qc1 g3 19. h3 Ng4 20. Bd2 Nh2 21. Re1 Bxh3 22.
gxh3 g2 23. Rd1 Qh4 24. Nf2 Qg3 25. Be1 Nf1 26. Bxf1 Qh2+ 27. Kxh2 g1=Q# 0-1

[Event "Madrid-ch Sub14 2022"]
[Site "Madrid ESP"]
[Date "2022.04.03"]
[Round "3.1"]
[White "Horcajuelo Rocamora, Martin"]
[Black "Guach Rodriguez, Marco Antonio"]
[Result "1-0"]
[WhiteElo "2212"]
[BlackElo "1456"]
[PlyCount "79"]
[EventDate "2022.04.02"]
[EventType "swiss"]
[EventRounds "6"]
[EventCountry "ESP"]
[SourceTitle "Ajedrez en Madrid"]
[Source "lmi"]
[SourceDate "2022.07.30"]
[SourceVersion "1"]
[SourceVersionDate "2022.07.30"]
[SourceQuality "1"]

1. d4 Nf6 2. c4 g6 3. Nc3 Bg7 4. e4 d6 5. Be2 Nbd7 6. Be3 O-O 7. Qc2 e5 8. d5
Nb6 9. f3 Nh5 10. c5 dxc5 11. Bxc5 Re8 12. g4 Nf4 13. O-O-O Nd7 14. Be3 Ng2 15.
Bd2 Nb6 16. Kb1 Bd7 17. Bf1 Nh4 18. Be3 f5 19. gxf5 gxf5 20. Nb5 Bxb5 21. Bxb5
Rf8 22. Bc5 Rf6 23. Qb3 Kh8 24. Ne2 a6 25. Bd3 Nxf3 26. exf5 Nd7 27. Be3 Qe8
28. Qc2 e4 29. Bxe4 Nfe5 30. Rhe1 Qf7 31. Nf4 Ng4 32. Bd4 Rh6 33. Rg1 Rxh2 34.
Rxg4 Rxc2 35. Rxg7 Qxg7 36. Bxg7+ Kxg7 37. Kxc2 Kf6 38. Bd3 Rg8 39. Re1 Ne5 40.
Nh5+ 1-0

[Event "Madrid-ch Sub14 2022"]
[Site "Madrid ESP"]
[Date "2022.04.03"]
[Round "3.2"]
[White "Centeno Mendoza, Julio Stefano"]
[Black "Calvo Gonzalez, Jose Felix"]
[Result "1/2-1/2"]
[WhiteElo "2010"]
[BlackElo "2078"]
[PlyCount "64"]
[EventDate "2022.04.02"]
[EventType "swiss"]
[EventRounds "6"]
[EventCountry "ESP"]
[SourceTitle "Ajedrez en Madrid"]
[Source "lmi"]
[SourceDate "2022.07.30"]
[SourceVersion "1"]
[SourceVersionDate "2022.07.30"]
[SourceQuality "1"]

1. e4 e5 2. Nc3 Nf6 3. Bc4 Bc5 4. d3 Nc6 5. f4 d6 6. f5 Na5 7. Qf3 Nxc4 8. dxc4
h6 9. Nge2 Bd7 10. Bd2 a6 11. Nd5 Nxd5 12. cxd5 Qh4+ 13. g3 Qf6 14. O-O-O Bb5
15. g4 Bxe2 16. Qxe2 O-O-O 17. h4 g5 18. fxg6 Qxg6 19. Rdf1 f6 20. Rh3 Rdf8 21.
Qf3 Kb8 22. Qf5 Rhg8 23. Rg3 h5 24. Qxg6 Rxg6 25. g5 Rfg8 26. Rgf3 fxg5 27.
hxg5 Rxg5 28. Bxg5 Rxg5 29. Rf5 Rg4 30. Re1 h4 31. Rf3 Rg3 32. Ref1 Rg4 1/2-1/2

[Event "Madrid-ch Sub14 2022"]
[Site "Madrid ESP"]
[Date "2022.04.03"]
[Round "3.3"]
[White "Cuesta Moscoso, Alvaro"]
[Black "Reyero Castro, Jorge"]
[Result "1/2-1/2"]
[WhiteElo "1498"]
[BlackElo "1819"]
[PlyCount "94"]
[EventDate "2022.04.02"]
[EventType "swiss"]
[EventRounds "6"]
[EventCountry "ESP"]
[SourceTitle "Ajedrez en Madrid"]
[Source "lmi"]
[SourceDate "2022.07.30"]
[SourceVersion "1"]
[SourceVersionDate "2022.07.30"]
[SourceQuality "1"]

1. e4 e5 2. Nf3 Nc6 3. Bc4 Bc5 4. c3 Nf6 5. d3 d6 6. Bb3 Bb6 7. O-O Be6 8. Re1
Ng4 9. Re2 h6 10. h3 Nf6 11. Nbd2 g5 12. Nf1 g4 13. hxg4 Nxg4 14. d4 Bxb3 15.
Qxb3 Qf6 16. Be3 Rg8 17. dxe5 Ncxe5 18. Nxe5 Nxe3 19. Nxe3 dxe5 20. Rd1 Qg5 21.
a4 Rg6 22. a5 Bxe3 23. fxe3 b6 24. axb6 axb6 25. Qb5+ Kf8 26. Qd7 Qg4 27. Rf2
Qxd7 28. Rxd7 Ra1+ 29. Kh2 Rg7 30. Rxc7 Re1 31. Rb7 Rxe3 32. Rxb6 Rxe4 33. Rxh6
Reg4 34. Rh3 Ke7 35. b4 Kd6 36. Rh6+ Kd5 37. Kg1 f5 38. Rb2 f4 39. b5 f3 40.
Rh2 Kc5 41. b6 Rb7 42. Kf2 Rxg2+ 43. Rxg2 fxg2 44. Kxg2 Rxb6 45. Rxb6 Kxb6 46.
Kf3 Kc5 47. Ke4 Kc4 1/2-1/2

[Event "Madrid-ch Sub14 2022"]
[Site "Madrid ESP"]
[Date "2022.04.03"]
[Round "3.4"]
[White "Arevillca Colque, Jonatan"]
[Black "Lazaro Azcutia, Miguel"]
[Result "1/2-1/2"]
[WhiteElo "1818"]
[BlackElo "1621"]
[PlyCount "78"]
[EventDate "2022.04.02"]
[EventType "swiss"]
[EventRounds "6"]
[EventCountry "ESP"]
[SourceTitle "Ajedrez en Madrid"]
[Source "lmi"]
[SourceDate "2022.07.30"]
[SourceVersion "1"]
[SourceVersionDate "2022.07.30"]
[SourceQuality "1"]

1. e4 e5 2. Nf3 Nc6 3. d4 exd4 4. Bc4 Nf6 5. O-O Nxe4 6. Re1 d5 7. Bxd5 Qxd5 8.
Nc3 Qh5 9. Nxe4 Be6 10. Bg5 Bd6 11. Nxd6+ cxd6 12. Bf4 Qd5 13. c3 O-O 14. Nxd4
Nxd4 15. Qxd4 Qxd4 16. cxd4 d5 17. Rac1 Rac8 18. Rc3 Rc4 19. Be3 Rfc8 20. Rec1
Rxc3 21. Rxc3 Rxc3 22. bxc3 Kf8 23. Bf4 Ke7 24. Bb8 a6 25. a4 Bd7 26. a5 Bf5
27. f3 Kd7 28. Ba7 Kc6 29. Bc5 Kb5 30. Bb4 b6 31. axb6 Kxb6 32. Kf2 Kb5 33. g4
Be6 34. Ke3 a5 35. Bf8 g6 36. Kd3 Ka4 37. Kc2 h5 38. h3 hxg4 39. hxg4 Bxg4
1/2-1/2

[Event "Madrid-ch Sub14 2022"]
[Site "Madrid ESP"]
[Date "2022.04.03"]
[Round "3.5"]
[White "Corchon Granero, Mateo"]
[Black "Suarez Hernan, Santiago"]
[Result "0-1"]
[WhiteElo "1525"]
[BlackElo "1716"]
[PlyCount "52"]
[EventDate "2022.04.02"]
[EventType "swiss"]
[EventRounds "6"]
[EventCountry "ESP"]
[SourceTitle "Ajedrez en Madrid"]
[Source "lmi"]
[SourceDate "2022.07.30"]
[SourceVersion "1"]
[SourceVersionDate "2022.07.30"]
[SourceQuality "1"]

1. e4 c6 2. d4 d5 3. exd5 cxd5 4. Bd3 Nc6 5. c3 Nf6 6. Bf4 Bg4 7. Nf3 e6 8. h3
Bh5 9. Nbd2 Bd6 10. Bxd6 Qxd6 11. Qc2 Rc8 12. Qb3 Qc7 13. O-O O-O 14. Rfe1 a6
15. Ne5 Nxe5 16. Rxe5 Bg6 17. Bxg6 hxg6 18. Qc2 b5 19. a3 Qb6 20. Qd3 Rc6 21.
Kh1 Rfc8 22. f3 a5 23. Nb3 Nd7 24. Ree1 b4 25. axb4 axb4 26. Ra6 Qxa6 0-1

[Event "Madrid-ch Sub14 2022"]
[Site "Madrid ESP"]
[Date "2022.04.03"]
[Round "3.6"]
[White "Jolani, Parnian"]
[Black "Garcia Trabanca, Ana"]
[Result "1-0"]
[WhiteElo "1643"]
[BlackElo "1519"]
[PlyCount "49"]
[EventDate "2022.04.02"]
[EventType "swiss"]
[EventRounds "6"]
[EventCountry "ESP"]
[SourceTitle "Ajedrez en Madrid"]
[Source "lmi"]
[SourceDate "2022.07.30"]
[SourceVersion "1"]
[SourceVersionDate "2022.07.30"]
[SourceQuality "1"]

1. e4 g6 2. d4 d6 3. Nf3 Nf6 4. Bd3 Bg7 5. Be3 a6 6. h3 Nbd7 7. O-O O-O 8. Nc3
c5 9. e5 Ne8 10. exd6 exd6 11. Qd2 cxd4 12. Nxd4 Ne5 13. Be2 Nf6 14. Rad1 b5
15. f4 b4 16. Na4 Ne4 17. Qxb4 Ng3 18. Rfe1 Nxe2+ 19. Rxe2 Nd7 20. Nc6 Qh4 21.
Qxd6 Nf6 22. Bf2 Qh5 23. Re5 Ne8 24. Qxf8+ Kxf8 25. Rxe8+ 1-0